01012nam a2200265 i 4500001001000000003000900010005001700019007000300036008004100039040003000080082002500110245009700135264005200232300002800284336002700312337003300339338002800372500007300400590002800473650004000501910000800541942001400549952016600563999001700729000049246DO-SdBNP20251121123632.0ta190801s2001 dr 000 spa d aDO-SdBNPbspacBNPHUerda 4a347.729305bC669222 0aCódigo penal de la República Dominicana :bmodificado por ley 24-97, incluye ley 36-00. aSanto Domingo :beditor no identificado,c2001. a188 páginas ;c21 cm. atextobtxt2rdacontent asin mediaciónbn2rdamedia avolumenbnc2rdacarrier aIncluye referencias bibliográficas y notas al pie de las páginas aInventariado, 2019 / DG 0aDerecho penalxLegislación917405 aD/G 2ddccLBS1 00102ddc51708PDaBNPHUbBNPHUcHDd2019-08-01eDonado por Rafael Grullónl0oBNPHU PD 347.729305 C669p49247-10r2020-06-25w2020-06-25yLBS1ZNo se presta c48734d48734